000
00289nam a22001337a 4500
020
_a
81-7862-449-4
082
_a
920
_b
GUH/S
100
_a
GUHA ,ANURADHA
245
_a
SAROJINI NAIDU
260
_a
NEW DELHI
_b
STERLING PRESS
300
_a
63
650
_a
BIOGRAPHY
_z
NEW DELHI
942
_c
BK
999
_c
6293
_d
6293